MARC

LEADER 00000nam0a2200000 4500
001 57486
005 20231031054248.0
010 |a 5030033505 
035 |a (RuTPU)RU\TPU\book\60652 
090 |a 57486 
100 |a 20031105d2000 km y0rusy50 ca 
101 1 |a rus 
102 |a RU 
105 |a a z 000zy 
200 1 |a Хрупкие объекты  |e пер. с франц.  |f П.-Ж. де Жен, Ж. Бадос 
210 |a Москва  |c Мир  |d 2000 
215 |a 190 с.  |c ил. 
610 1 |a химия 
610 1 |a полимеры 
610 1 |a физика 
610 1 |a жидкие кристаллы 
610 1 |a поверхностно-активные вещества 
610 1 |a пленки 
610 1 |a пены 
610 1 |a смачивание 
610 1 |a научные исследования 
610 1 |a научные открытия 
610 1 |a проблемы 
675 |a 678  |v 3 
700 1 |a Жен  |b П.-Ж.  |g де Пьер-Жиль 
701 1 |a Бадос  |b Ж.  |g Жак 
801 1 |a RU  |b 63413507  |c 20031105  |g PSBO 
801 2 |a RU  |b 63413507  |c 20130723  |g PSBO 
942 |c BK